=LDR 00000nam 2200000 4500 =001 INLIS000000000000235 =005 20150302133918.0 =006 =007 =008 Ind =035 ##$$0010-061300000000235 =041 ##$$a Ind =082 ##$$a 615.4 =090 ##$$a 615.4 Muk f =100 ##$$a Mukhtar =245 ##$$a Farmasi fisika bagian larutan dan sistem dispensi / Moekhtar =260 ##$$aYogyakarta$bGajah Mada Univeersity$c1989 =300 ##$$a vii, 208 hlm. : ilus. ; 21 cm =650 ##$$a Farmasi-Fisika =850 ##$$a NBPNMAT